| 000 | 00974cam a2200277 a 4500 | ||
|---|---|---|---|
| 001 | 000013375 | ||
| 005 | 20250211105815.0 | ||
| 008 | 751029s1961 mx a b 001 0 spa | ||
| 035 | _a(DLC) 62046643 | ||
| 035 | _a(OCoLC)1744243 | ||
| 040 |
_aDO-SdBNP _cFU _dPPiU _dDLC _dBNPHU |
||
| 082 |
_a338.1 _bF634t |
||
| 100 | 1 |
_aFlores, Edmundo, _d1918-2004. _930595 |
|
| 245 | 1 | 0 |
_aTratado de economía agrícola / _cEdmundo Flores. |
| 260 |
_aMéxico : _bFondo de Cultura Económica, _c1961. |
||
| 300 |
_a442 p. : _bil. ; _c22 cm. |
||
| 490 | 1 | _aSección de obras de economía | |
| 500 | _aCuarta reimpresión de la primera edición, 1976. | ||
| 504 | _aBibliografía: p. 411-429. | ||
| 650 | 0 |
_aAgricultura - _xAspectos económicos _930596 |
|
| 651 | 4 |
_aMéxico _xCondiciones Económicas _y1918- _930597 |
|
| 650 | 4 |
_aTenencia de la tierra _zMéxico . _930598 |
|
| 830 | 0 |
_aSección de obras de economía. _930599 |
|
| 910 | _aCatalogación por copia / LC | ||
| 049 | _aBNGR | ||
| 999 |
_c13001 _d13001 |
||